Gibt es diese Sprache? - Sudden Death - Statistiken

Allgemein
  • Dieses Quiz wurde 675 mal gespielt
  • Das Durchschnittsergebnis liegt bei 3 aus 14
Answers on the Grid
Answers color-coded by a green-red scale on the quiz's grid according to % correct below.
Belgisch🇧🇪
San Marinesisch🇸🇲
Österreichisch🇦🇹
Lettländisch🇱🇻
Belarussisch🇧🇾
Moldauisch🇲🇩
Nordmazedonisch🇲🇰
Südkoreanisch🇰🇷
Australisch🇦🇺
Zypriotisch🇨🇾
Mexikanisch🇲🇽
Kanadisch🇨🇦
Brasilianisch🇧🇷
Israelisch🇮🇱
Indisch🇮🇳
Montenegrinisch🇲🇪
Philippinisch🇵🇭
Malaysisch🇲🇾
Maltesisch🇲🇹
Aserbaidschanisch🇦🇿
Amerikanisch🇺🇲
Nepalesisch🇳🇵
Vietnamesisch🇻🇳
Tadschikisch🇹🇯
Mongolisch🇲🇳
Armenisch🇦🇲
Isländisch🇮🇸
Somali🇸🇴
Madagassisch🇲🇬
Georgisch🇬🇪
Estnisch🇪🇪
Finnisch🇫🇮
 
Antwortstatistiken
Antwort % Korrekt
Finnisch🇫🇮
57%
Isländisch🇮🇸
37%
Vietnamesisch🇻🇳
37%
Estnisch🇪🇪
29%
Armenisch🇦🇲
24%
Georgisch🇬🇪
19%
Mongolisch🇲🇳
18%
Somali🇸🇴
18%
Maltesisch🇲🇹
16%
Aserbaidschanisch🇦🇿
14%
Nepalesisch🇳🇵
14%
Tadschikisch🇹🇯
8%
Montenegrinisch🇲🇪
7%
Madagassisch🇲🇬
6%
Keine übereinstimmenden Quizze gefunden
Verteilung der Resultate
Anzahl Personen mit jedem Resultat
Perzentil nach korrekt beantworteten Fragen
Ihre Resultats-Entwicklung
Sie haben dieses Quiz noch nicht gespielt